000 00526cam a2200205ua 4500
001 8469
008 150130n ii |||gr||||Z||||||eng
020 _a9781405124652
040 _cMAIN
041 _aeng
082 _a808.1
100 _aLucy, N.,
_eEditor.
245 1 _aPostmodern literary theory :
_bAnthology /
_cEdited by Niall Lucy .
250 _a2nd.
260 _aNew Delhi:
_bAltantic,
_c2004.
300 _a456p.
653 _aRhetoric & collections of literature
653 _aLiterary theory
942 _cBK
999 _c7577
_d7577